| 000 | 00556nam a2200193 i 4500 | ||
|---|---|---|---|
| 001 | 134041 | ||
| 003 | ES-MaACL | ||
| 005 | 20230906194602.0 | ||
| 007 | t| | ||
| 008 | 070905s1918 xxk ||||1| eng d | ||
| 100 | 1 |
_aWard, James. _9116078 |
|
| 245 | 1 | 0 |
_aPsychological principles / _cby James Ward. |
| 260 |
_aCambridge : _bThe University Press, _c1918. |
||
| 300 |
_aXIV, 478 p. ; _c25 cm. |
||
| 490 | 1 | _aCambridge psychological library | |
| 830 | 0 |
_aCambridge psychological library _9219812 |
|
| 852 |
_aES-MaACL _jC-1945 |
||
| 999 |
_c134041 _d134041 |
||